000
00218nam a22000857a 4500
008
170626b xxu||||| |||| 00| 0 eng d
100
_9
3679
_a
Rangarajan. K
245
_a
Together science solution X
260
_a
New delhi
_c
2002
999
_c
7094
_d
7094